| 000 | 00722nam a2200217Ia 4500 | ||
|---|---|---|---|
| 003 | GCL | ||
| 008 | 140319s9999 xx 000 0 ara d | ||
| 040 |
_aGCL / _cGCL |
||
| 082 | 0 | 4 |
_aق _b920.71 _bم ب |
| 100 | 1 | _aمحمد الصادق حسين | |
| 245 | 1 | 0 |
_aالبيت السبكى : بيت علم فى دولتى المماليك / _cمحمد الصادق حسين |
| 260 |
_a[S.N] : _bدار الكاتب المصرى ، _c1948 |
||
| 300 |
_a92 ص ؛ _c24سم |
||
| 650 | 0 | 4 | _aدولة المماليك |
| 650 | 0 | 4 | _aالتراجم |
| 650 | 0 | 4 | _aاعلام العرب |
| 650 | 0 | 4 | _aالانساب والاعراق |
| 650 | 0 | 4 | _aالانساب |
| 650 | 0 | 4 | _aالسبكى, تاج الدين |
| 942 |
_2ddc _cBK |
||
| 999 |
_c36931 _d36931 |
||